| 000 | 01056nam0a22002771 4500 | ||
|---|---|---|---|
| 001 | rc\3004508 | ||
| 005 | 20250806200754.0 | ||
| 035 | _a(NLR Aleph) 007147462 | ||
| 090 |
_a2823 _c2823 |
||
| 100 | _a20110921d1944 u y0rusy50 ca | ||
| 101 | 0 | _arus | |
| 102 | _aRU | ||
| 105 | _ay z ||||| | ||
| 200 | 1 |
_aОб уборке урожая и заготовках сельскохозяйственных продуктов в 1944 году _e[Постановл. СНК СССР и ЦК ВКП(б)] |
|
| 210 |
_aСтаврополь _cКраев. книгоизд-во _d1944 |
||
| 215 |
_a16 с. _d17 см |
||
| 225 | 1 | _aВ Совнаркоме СССР и ЦК ВКП(б) | |
| 710 | 0 | 1 |
_aСССР _bСовет Народных Комиссаров _3RU\NLR\AUTH\8810020782 |
| 712 | 0 | 2 |
_aВКП(б) _bЦК _3RU\NLR\AUTH\8810033047 _4570 |
| 801 | 0 |
_aRU _bNLR _gpsbo |
|
| 801 | 1 |
_aRU _bELAR _2rusmarc |
|
| 852 |
_aNLR _jЭк50 Г-4/205 |
||
| 942 | _cBOOK | ||
| 945 | _aРоссийская национальная библиотека | ||
| 980 | _aNB | ||
| 980 | _aBV | ||